| 000 | 00580nam a2200193Ia 4500 | ||
|---|---|---|---|
| 003 | LDD | ||
| 008 | 190117s9999 xx 000 0 und d | ||
| 020 | _c₹50 | ||
| 040 | _cLDD | ||
| 041 | _ahi | ||
| 082 | _a8H1.709 न6866क | ||
| 100 | _aनवल, नन्दकिशोर | ||
| 245 | 0 |
_aकविता की मुक्ति _cनन्दकिशोर नवल |
|
| 246 | _a Kavita ki Mukti | ||
| 260 |
_aदिल्ली _bवाणी प्रकाशन _c1998 |
||
| 300 | _a151प्र. | ||
| 904 | _aReqst by : v.r.jagannathan | ||
| 942 |
_2ddc _cH |
||
| 999 |
_c162066 _d162066 |
||